Quiz Harry potter de lud - Statistiques

Statistiques générales
  • Ce quiz a été pris 42 fois
  • Le résultat moyen est 7 sur 14
Statistiques - réponses
Hint Réponse % Correct
Quelle pièce est Ron lors de la partie d'échec ? Cavalier
86%
Combien d'année Sirius est-il resté à Azkaban ? 12
83%
Quel jumeau Weasley meurt lors de la bataille de Poudlard ? Fred
83%
Comment s'appelle le crapaud de Neville ? Trevor
77%
Comment se nomme l'esprit frappeur de Poudlard ? Peeves
74%
Avec quoi Harry respire t-il sous l'eau lors de la seconde épreuve du tournoi des trois sorciers ? Branchiflore
66%
Citez la marque de la voiture volante. Ford
51%
Quel est la race du dragon qu'affronte Fleur lors de la première épreuve du tournoi des trois sorciers ? Vert Gallois
46%
Quelle est l'adresse de l'Ordre du Phoenix ? 12 square Grimmaurd
40%
Quelle boisson est empoisonnée dans le bureau de Slughorn ? Hydromel
23%
Comment s'appelle le chien de Marge ? Molaire
17%
Qui a réalisé le 5ème film ? David Yates
11%
Comment s'appelle le dernier goblin qui se fait carboniser dans Gringotts lors de la fouille du coffre de Bellatrix ? Bogrod
9%
Où habite Slughorn lorsque Dumbledore vient le recruter dans le 6ème film ? Budly Babberton
9%
Aucun quiz correspondant
Distribution des résultats
% des personnes avec chaque résultat
Percentile par nombre de réponses
Votre historique - résultats
Vous n’avez pas pris ce quiz